header

The Principles of political economy (Record no. 2149)

MARC details
000 -LEADER
fixed length control field 01029nam a2200265Ia 4500
100 1# - MAIN ENTRY--AUTHOR NAME
Personal name Mill, John Stuart,
245 14 - TITLE STATEMENT
Title The Principles of political economy
260 ## - PUBLICATION, DISTRIBUTION, ETC. (IMPRINT)
Place of publication Kitchener, Ont. :
Name of publisher Batoche,
Year of publication 2001.
300 ## - PHYSICAL DESCRIPTION
Number of Pages 1136 p.
500 ## - GENERAL NOTE
General note Originally published : [S.l. : s.n.], 1848.
650 #0 - SUBJECT ADDED ENTRY--TOPICAL TERM
Topical Term Economics.
Topical Term Classical school of economics.
856 40 - ELECTRONIC LOCATION AND ACCESS
Uniform Resource Identifier http://site.ebrary.com/lib/rucke/Doc?id=5000114

No items available.

© 2026 Rongo University
Contact us: librarian | system librarian | Rongo university